000 00507nam a2200157Ia 4500
999 _c5615
_d5615
003 OSt
005 20200116160127.0
008 190216s9999||||xx |||||||||||||| ||und||
040 _coclc
082 _a658.1511
_bBHA/A
100 _aBhattacharyya, S K
_91212
245 0 _aAccounting For Management :
_bText and Cases /
_cS K Bhattacharyya ; John Dearden
260 _bVikas Publishing House,
_c1996.
_aNew Delhi:
300 _a696p
942 _cBK
_2ddc
_h658.1511
_iBHA/A
_k658.1511
_mBHA/A